Management international

Gespeichert in:
Bibliographische Detailangaben
1. Verfasser: Beddi, Hanane
Weitere Verfasser: Nivoix, Sophie
Format: Buch
Sprache:Französisch
Veröffentlicht: Paris Vuibert 2017
Schlagworte:
Tags: Tag hinzufügen
Keine Tags, Fügen Sie das erste Tag hinzu!

MARC

LEADER 00000nam a2200000 4500
001 0235069
005 20240221114154.3
020 |a 978-2-311-40397-8 
041 0 |a fre 
044 |a FR 
245 1 0 |a Management international  |c Hanane Beddi, Sophie Nivoix 
264 1 |a Paris  |b Vuibert  |c 2017 
300 |a 217 s. 
610 2 0 |a manažment medzinárodný 
610 2 0 |a rozvoj podniku 
610 2 0 |a financie medzinárodné 
610 2 0 |a štruktúra organizačná 
610 2 0 |a logistika 
610 2 0 |a marketing medzinárodný 
610 2 0 |a inovácia 
610 2 0 |a riadenie ľudských zdrojov 
100 1 |a Beddi, Hanane 
700 1 |a Nivoix, Sophie